Calculus

Αποθηκεύτηκε σε:
Λεπτομέρειες βιβλιογραφικής εγγραφής
Κύριος συγγραφέας: Apostol, Tom M.
Μορφή: Βιβλίο
Γλώσσα:English
Δημοσίευση: New York : Blaisdell Pub. Co., 1961-1962.
Θέματα:
Ετικέτες: Προσθήκη ετικέτας
Δεν υπάρχουν, Καταχωρήστε ετικέτα πρώτοι!

MARC

LEADER 00000cam a2200000 i 4500
001 1/5754
008 100316m19611962nyu| ||| |||| ||eng||
035 |l 10107275 
040 |a GR-MyUa  |b gre  |e AACR2 
041 0 |a eng 
082 7 |a 515   |2 (22) 
100 1 |a Apostol, Tom M. 
245 1 0 |a Calculus /   |c Tom M. Apostol. 
260 |a New York :   |b Blaisdell Pub. Co.,   |c 1961-1962. 
300 |a 2 τ. :   |b εικ. ;   |c 26 εκ. 
500 |a Περιλαμβάνει ευρετήριο. 
505 8 |a Τ. 1. Introduction, with vectors and analytic geometry -- τ. 2. Calculus of several variables with applications to probability and vector analysis. 
650 0 |a Calculus. 
650 0 |a Mathematical analysis. 
740 0 |a Introduction, with vectors and analytic geometry. 
740 0 |a Calculus of several variables with applications to probability and vector analysis. 
767 0 8 |i Μεταφρασμένο ως:   |t Διαφορικός και ολοκληρωτικός λογισμός /  
852 |a INST  |b SAMOS  |c MAG  |e 20100316  |h 515 APO  |p 005300032148  |q 005300032148  |t BK  |v τ.2:  |y 0  |z τ.2 
852 |a INST  |b SAMOS  |c MAG  |e 20100316  |h 515 APO  |p 005300032149  |q 005300032149  |t BK  |v τ.1:  |y 0  |z τ.1 
853 |a INST  |b SAMOS  |c MAG  |h 515 APO 
901 |a BIBL3-2010-1 
909 |a Σ  |b 162064 
970 |a ΣΙΤΖΙΜΗ  |b ΓΙΑΣΕΜΗ  |z 2010/03/16